000 00465nam a2200181Ia 4500
999 _c23744
_d23744
003 0100
005 20190725092012.0
008 130303s9999 xx 000 0 und d
040 _cARRUPELIB
050 _aHM216.B181984
100 _aBarry, Vincent
_947576
245 _aApplying Ethics
245 _bA Text with Readings
260 _aBelmont, California
_bWadsworth Publishing Company, INC
_c1984
300 _a421p
650 _bPhilosophy-Addresses, essays, lectures
_947577
942 _2lcc
_cMONOGRAPH